| 000 | 00350nam a2200145Ia 4500 | ||
|---|---|---|---|
| 008 | 240624s9999 xx 000 0 und d | ||
| 041 | _aeng | ||
| 082 | _a658.4 HAR | ||
| 100 | _aHARTLEY ROBERT F | ||
| 245 | _aMANAGEMENT MISTAKES AND SUCCESSES | ||
| 250 | _a(10th ed.) | ||
| 260 |
_c2011 _aNew Jersey _bWiley |
||
| 300 | _a400 : p. | ||
| 365 |
_c _b26 |
||
| 999 |
_c23792 _d23792 |
||